[Event "PWPW S.A Chess Cup"]
[Site "Warsaw POL"]
[Date "2004.06.19"]
[Round "4"]
[White "Skripchenko,A"]
[Black "Dworakowska,J"]
[Result "1-0"]
[WhiteElo "2456"]
[BlackElo "2395"]

1.e4 c5 2.Nf3 d6 3.Bb5+ Nc6 4.O-O Bd7 5.Re1 a6 6.Bxc6 Bxc6 7.d4 cxd4 8.Nxd4 Rc8
9.Nc3 Nf6 10.Bg5 e6 11.Nxc6 Rxc6 12.Nd5 Be7 13.Nxe7 Qxe7 14.c3 h6 15.Bh4 g5
16.Bg3 e5 17.Qb3 Nh5 18.Rad1 Ng7 19.Rd2 h5 20.f3 Rh6 21.Red1 h4 22.Bf2 h3
23.g3 Rf6 24.Rd3 Ne6 25.Qc2 Rg6 26.Qe2 Nf8 27.a4 Qc7 28.R1d2 Nd7 29.Qd1 Ke7
30.Qf1 Qa5 31.Qxh3 Qxa4 32.Qf5 g4 33.Be3 gxf3 34.Bg5+ Ke8 35.Rxf3 Qc4 36.Rd5 Rxg5
37.Qxg5 f6 38.Qg6+ Kd8 39.Rd2 Qa2 40.h4 Kc7 41.h5 Rc4 42.h6 Qb1+ 43.Rf1  1-0

[Event "National Open"]
[Site "Las Vegas USA"]
[Date "2004.06.20"]
[Round "5"]
[White "Khachiyan,M"]
[Black "Vigorito,D"]
[Result "1-0"]
[WhiteElo "2468"]
[BlackElo "2360"]

1.e4 c5 2.Nf3 d6 3.Bb5+ Nc6 4.Bxc6+ bxc6 5.O-O e5 6.c3 f5 7.Qa4 Qc7 8.exf5 Bxf5
9.d4 e4 10.Re1 Be7 11.dxc5 d5 12.Bf4 Qxf4 13.Qxc6+ Kf7 14.Qxd5+ Kf6 15.Qd4+ Kf7
16.Ne5+ Ke6 17.Qd7+ Kf6 18.Qc6+ Be6 19.Nd3 Qf5 20.Rxe4 Rc8 21.Qa4 g5 22.Qd4+ Kf7
23.Nd2 Rd8 24.Qe3 Nf6 25.Ne5+ Kg7 26.g4 Nxg4 27.Rxg4 Rxd2 28.Qxd2 Qxe5 29.Re1 Qf5
30.Rge4 Bxc5 31.Qe2 Rf8 32.Rxe6 Bxf2+ 33.Kg2 Bxe1 34.Re7+ Kh8 35.Qxe1 Qf3+
36.Kg1 Rf6 37.Qe2 Qf5 38.b4 a6 39.a4 Qf4 40.Re3 Kg7 41.Kg2 h5 42.Qf3 Qxf3+
43.Rxf3 Rc6 44.Kf2 Kg6 45.Ke2 g4 46.Re3 h4 47.Kd3 Kf5 48.b5 axb5 49.axb5 Rd6+
50.Ke2 Kf4 51.c4 g3 52.hxg3+ hxg3 53.Rf3+ Kg4 54.Rb3 Rf6 55.b6 Rf2+ 56.Ke1 Rf4
57.Rb2 Rxc4 58.b7 Rc1+ 59.Ke2 g2 60.Rb4+ Kg5 61.b8=Q Kf5 62.Qf8+ Kg6 63.Qg8+ Kf6
64.Rf4+ Ke5 65.Qb8+ Ke6 66.Re4+ Kd7 67.Qe8+ Kd6 68.Qd8+ Kc5  1-0

[Event "XVIII Open"]
[Site "Pula CRO"]
[Date "2004.06.21"]
[Round "3"]
[White "Sedlak,N"]
[Black "Komljenovic,L"]
[Result "1-0"]
[WhiteElo "2519"]
[BlackElo "2228"]

1.e4 c5 2.Nf3 d6 3.Bb5+ Bd7 4.Bxd7+ Qxd7 5.O-O Nc6 6.c3 Nf6 7.d4 cxd4 8.cxd4 d5
9.e5 Ne4 10.Ne1 h6 11.f3 Ng5 12.Nc3 e6 13.Be3 Be7 14.Nd3 O-O 15.Nf4 Rfc8
16.Nh5 Nh7 17.Qe1 Nf8 18.f4 Ng6 19.g4 Bh4 20.Qe2 Re8 21.Qg2 Bd8 22.Rad1 Rc8
23.f5 Nh4 24.Qg3 Na5 25.f6 g5 26.Bxg5 hxg5 27.Qe3 Kh7 28.Qxg5 Ng6 29.Rf3 Rh8
30.Nf4  1-0

[Event "TCh-CRO"]
[Site "Rabac CRO"]
[Date "2004.06.21"]
[Round "1"]
[White "Viskic,P"]
[Black "Golubovic,B"]
[Result "0-1"]
[WhiteElo "2234"]
[BlackElo "2424"]

1.e4 c5 2.Nf3 d6 3.Bb5+ Bd7 4.Bxd7+ Nxd7 5.O-O Ngf6 6.Qe2 e6 7.Nc3 Be7 8.d4 cxd4
9.Nxd4 O-O 10.Be3 Rc8 11.f3 Ne5 12.Bf2 a6 13.a4 Ng6 14.Rfd1 Qc7 15.Nb3 d5
16.exd5 Nf4 17.Qf1 N4xd5 18.Nxd5 Nxd5 19.c3 Bf6 20.a5 h5 21.Nc5 Be7 22.Nd3 Rfd8
23.Bd4 Bf6 24.Qf2 Bxd4 25.Qxd4 Nf6 26.Qb4 Rd5 27.Nf2 Rb5 28.Qa3 Qc4 29.Rd4 Qe2
30.Rb4 Rg5 31.f4 Rd5 32.Rxb7 Ng4 33.Nxg4 Rd2 34.Ne3 Qxe3+ 35.Kh1 Qe4  0-1

[Event "II Young Stars of the World"]
[Site "Kirishi RUS"]
[Date "2004.06.22"]
[Round "5"]
[White "Andreikin,D"]
[Black "Sjugirov,S"]
[Result "1-0"]
[WhiteElo "2418"]
[BlackElo "2260"]

1.e4 c5 2.Nf3 d6 3.Bb5+ Bd7 4.Bxd7+ Qxd7 5.O-O Nc6 6.c3 Nf6 7.d4 Nxe4 8.d5 Ne5
9.Nxe5 dxe5 10.Re1 Nf6 11.Rxe5 g6 12.c4 Bg7 13.Nc3 O-O 14.Bg5 h6 15.Bh4 Rae8
16.Re1 b6 17.Qf3 g5 18.Bg3 e6 19.Be5 Nh7 20.Bxg7 Kxg7 21.dxe6 Rxe6 22.Red1 Qc7
23.Rd5 Rf6 24.Qd3 Qf4 25.Ne4 Re6 26.Ng3 Kh8 27.Nh5 Qg4 28.Qc3+ f6 29.Ng3 Rfe8
30.h3 Qf4 31.Rad1 Nf8 32.Rf5 Qc7 33.Rxf6 Rxf6 34.Qxf6+ Qg7 35.Qc6 Re6 36.Qc8 Kh7
37.Rd8 Re1+ 38.Kh2 Ng6 39.b3 Qf6 40.Nf5 Qe5+ 41.g3 Qb2 42.Kg2 Qf6 43.Rd7+ Ne7
44.Rxa7 Re5 45.g4 h5 46.Nxe7 Rxe7 47.Qf5+ Kg7 48.Qxf6+ Kxf6 49.Rxe7  1-0

[Event "Summer IV"]
[Site "Alushta UKR"]
[Date "2004.06.26"]
[Round "12"]
[White "Varavin,V"]
[Black "Kovalev,A"]
[Result "1/2-1/2"]
[WhiteElo "2399"]
[BlackElo "2557"]

1.e4 c5 2.Nf3 d6 3.Bb5+ Bd7 4.Bxd7+ Qxd7 5.O-O Nf6 6.Re1 Nc6 7.c3 e6 8.d3 Be7
9.Nbd2 O-O 10.Nf1 Ne5 11.Ng3 Nxf3+ 12.Qxf3 Rac8  1/2-1/2

[Event "St John Uni"]
[Site "New York USA"]
[Date "2004.06.26"]
[Round "8"]
[White "Fedorowicz,J"]
[Black "Benjamin,Joe"]
[Result "1/2-1/2"]
[WhiteElo "2517"]
[BlackElo "2566"]

1.e4 c5 2.Nf3 d6 3.Bb5+ Bd7 4.Bxd7+ Nxd7 5.O-O Ngf6 6.Re1 e6 7.c3 Rc8 8.d4 cxd4
9.cxd4 d5 10.e5 Ne4 11.Nbd2 Nxd2 12.Bxd2 Be7 13.Rc1 Rxc1 14.Qxc1 O-O 15.Bg5 Nb8  1/2-1/2

[Event "St John Uni"]
[Site "New York USA"]
[Date "2004.06.27"]
[Round "9"]
[White "Times,J"]
[Black "Fedorowicz,J"]
[Result "0-1"]
[WhiteElo "2240"]
[BlackElo "2517"]

1.e4 c5 2.Nf3 d6 3.Bb5+ Bd7 4.Bxd7+ Nxd7 5.d4 cxd4 6.Qxd4 Ngf6 7.Nc3 g6 8.O-O Bg7
9.Bg5 h6 10.Be3 O-O 11.Qd2 Kh7 12.Rfe1 Qa5 13.Bd4 Ne5 14.Bxe5 dxe5 15.Qe2 Rac8
16.Nd2 e6 17.Nb3 Qc7 18.Rad1 a6 19.Rd2 Rfd8 20.Rxd8 Rxd8 21.Rd1 Rc8 22.Rd2 Bf8
23.Qf3 Kg7 24.g4 Bb4 25.Rd3 b5 26.Nd2 Be7 27.a3 a5 28.Nxb5 Qxc2 29.b3 a4
30.bxa4 Qxa4 31.Nc3 Qxa3 32.Qg2 Qb2  0-1

[Event "ch-NED"]
[Site "Leeuwarden NED"]
[Date "2004.07.02"]
[Round "3"]
[White "Bosboom,M"]
[Black "Van der Wiel,J"]
[Result "1/2-1/2"]
[WhiteElo "2422"]
[BlackElo "2526"]

1.e4 c5 2.Nf3 d6 3.Bb5+ Bd7 4.Bxd7+ Nxd7 5.O-O Ngf6 6.d3 e6 7.Nc3 Be7 8.Ng5 h6
9.Nh3 d5 10.exd5 Nxd5 11.Nxd5 exd5 12.Qg4 Kf8 13.Qe2 Nf6 14.Bf4 Bd6 15.Rae1 g6
16.c4 Kg7 17.Qf3 Qd7 18.cxd5 Rad8 19.Bd2 Nxd5  1/2-1/2

[Event "32nd World Open"]
[Site "Philadelphia USA"]
[Date "2004.07.02"]
[Round "2"]
[White "Kaufman,La"]
[Black "Stocek,J"]
[Result "1-0"]
[WhiteElo "2364"]
[BlackElo "2557"]

1.e4 c5 2.Nf3 d6 3.Bb5+ Nd7 4.d4 cxd4 5.Qxd4 a6 6.Bxd7+ Bxd7 7.Nc3 e5 8.Qd3 h6
9.Nd2 Rc8 10.Nc4 Be6 11.Ne3 Nf6 12.O-O Qd7 13.Bd2 Be7 14.Rac1 O-O 15.Ncd5 Bxd5
16.Nxd5 Nxd5 17.Qxd5 Rc5 18.Qd3 Rfc8 19.Bb4 Rc4 20.c3 Qb5 21.Rcd1 Qb6 22.Qd5 a5
23.Bxa5 Qxb2 24.Rb1 Qxa2 25.Rxb7 Ra4 26.Qxa2 Rxa2 27.Bb4 Bf8 28.f3 Rd2 29.Rf2 Rd3
30.Ra2 d5 31.exd5 Bxb4 32.cxb4 Rxd5 33.Kf2 h5 34.b5 g6 35.Rb2 Kg7 36.b6 Rcd8
37.Ke2 Rc8 38.Ra7 Rb8 39.Rc7 Rdd8 40.b7 Re8 41.Rd2 e4 42.f4 g5 43.fxg5 Kg6
44.h4 Kf5 45.Rxf7+ Kg4 46.g6 Kxh4 47.g7  1-0

[Event "32nd World Open"]
[Site "Philadelphia USA"]
[Date "2004.07.03"]
[Round "5"]
[White "Pomerleano,D"]
[Black "Vigorito,D"]
[Result "0-1"]
[WhiteElo "2250"]
[BlackElo "2360"]

1.e4 c5 2.Nf3 d6 3.Bb5+ Nc6 4.O-O Bd7 5.c3 Nf6 6.Re1 a6 7.Bxc6 Bxc6 8.d4 Bxe4
9.Bg5 Bd5 10.Nbd2 e6 11.c4 Bxf3 12.Qxf3 cxd4 13.Bxf6 gxf6 14.Qxb7 Bg7 15.Qc6+ Ke7
16.Nf3 f5 17.Rad1 Qc8 18.Nxd4 Bxd4 19.Qxc8 Bxf2+ 20.Kxf2 Rhxc8 21.b3 a5 22.Rd3 a4
23.Re2 axb3 24.axb3 Ra3 25.Ke3 f4+ 26.Kd4 e5+ 27.Kc3 Rb8 28.Rb2 e4 29.Rh3 e3
30.Rh4 Raxb3+ 31.Rxb3 Rxb3+ 32.Kc2 Rb2+ 33.Kd1 Rxg2  0-1

[Event "22nd Open"]
[Site "Andorra la Vella AND"]
[Date "2004.07.04"]
[Round "2"]
[White "Nezad,H"]
[Black "Cheparinov,I"]
[Result "1/2-1/2"]
[WhiteElo "2312"]
[BlackElo "2567"]

1.e4 c5 2.Nf3 d6 3.Bb5+ Nc6 4.Bxc6+ bxc6 5.O-O Bg4 6.d3 Nf6 7.Nbd2 Nd7 8.h3 Bh5
9.c3 e6 10.Qa4 Qc7 11.d4 Be7 12.b3 a5 13.Qc4 d5 14.Qd3 a4 15.b4 cxb4 16.cxb4 Bxf3
17.Nxf3 Bxb4 18.exd5 cxd5 19.Rb1 Be7 20.Ba3 Bxa3 21.Qxa3 Nb6 22.Ne5 Nc4 23.Nxc4 dxc4
24.d5 Qe7 25.d6 Qd7 26.Rfc1 Rc8 27.Rb4 Qxd6 28.Qxa4+ Qd7 29.Rcxc4 Qxa4 30.Rxc8+ Kd7
31.Rxa4 Rxc8 32.Ra7+ Ke8 33.Kf1 Rc2 34.g3 g5 35.Kg2 Rc3 36.Kf1 Rc2 37.Kg2 Rc3
38.a4 Ra3 39.Kf1 Ra2 40.Kg2 Ra3 41.Kf1  1/2-1/2

[Event "3rd Open"]
[Site "La Fere FRA"]
[Date "2004.07.04"]
[Round "2"]
[White "Trouville,R"]
[Black "Afek,Y"]
[Result "0-1"]
[WhiteElo "2063"]
[BlackElo "2325"]

1.e4 c5 2.Nf3 d6 3.Bb5+ Nd7 4.Nc3 a6 5.Be2 Ngf6 6.d3 g6 7.Ng5 h6 8.Nh3 Bg7
9.f4 O-O 10.a4 b6 11.O-O Rb8 12.Qe1 e6 13.Qh4 Nh7 14.Qxd8 Rxd8 15.Bd2 f5
16.Bf3 Nhf6 17.Nf2 Bb7 18.Rae1 Kf7 19.Re2 d5 20.exd5 Nxd5 21.Nxd5 Bxd5 22.Bxd5 exd5
23.b3 Re8 24.Rfe1 Rxe2 25.Rxe2 b5 26.axb5 axb5 27.Nd1 d4 28.Nb2 Ra8 29.Re1 Ra2
30.Bc1 Nb6 31.Kf2 Nd5 32.Kf3 Nb4  0-1

[Event "22nd Open"]
[Site "Andorra la Vella AND"]
[Date "2004.07.05"]
[Round "3"]
[White "Maze,S"]
[Black "Fressinet,L"]
[Result "0-1"]
[WhiteElo "2497"]
[BlackElo "2637"]

1.e4 c5 2.Nf3 d6 3.Bb5+ Nd7 4.d4 Nf6 5.Nc3 cxd4 6.Qxd4 e5 7.Qd3 h6 8.a4 a6
9.Bxd7+ Bxd7 10.Be3 Be6 11.O-O Rc8 12.Nd2 Qc7 13.Kh1 Ng4 14.Rac1 Qc6 15.f4 Nxe3
16.Qxe3 exf4 17.Qxf4 Be7 18.Nf3 Qc5 19.Rcd1 O-O 20.Qg3 Kh8 21.Nd4 Bf6 22.Rxf6 gxf6
23.Nf3 Qh5 24.Rxd6 Rcd8 25.Rxd8 Rxd8 26.Qf4 Qg6 27.Kg1 Kh7 28.Kf2 Qh5 29.Qe3 Qa5
30.Nd4 Qe5 31.Nf3 Qd6 32.h3 Qb4 33.e5 f5 34.Ne2 Qxb2 35.Nfd4 Qb4 36.g4 Qe7
37.Nxf5 Bxf5 38.gxf5 Qh4+ 39.Ng3 Qxa4 40.Ne4 Qxc2+  0-1

[Event "Skanska Cup"]
[Site "Olomouc CZE"]
[Date "2004.07.05"]
[Round "2"]
[White "Sarakauskas,G"]
[Black "Slaby,J"]
[Result "1-0"]
[WhiteElo "2442"]
[BlackElo "2391"]

1.e4 c5 2.Nf3 d6 3.Bb5+ Nd7 4.d4 Nf6 5.O-O cxd4 6.Qxd4 e5 7.Qd3 h6 8.c4 Be7
9.Nc3 O-O 10.Bxd7 Bxd7 11.b3 Be6 12.a4 a6 13.Rd1 Qc7 14.Ba3 Rfd8 15.Ne1 Rac8
16.Nc2 Bxc4 17.bxc4 Qxc4 18.Bb2 Nxe4 19.Ne3 Qxd3 20.Rxd3 Nxc3 21.Rxc3 b5
22.Nd5 Bf8 23.Rxc8 Rxc8 24.a5 Rc4 25.Rc1 f6 26.Rxc4 bxc4 27.Nc7 Kf7 28.Nxa6 d5
29.Nc7 d4 30.a6 c3 31.Bc1 d3 32.Kf1 Bc5 33.f3 c2 34.Nd5 Ke6 35.Nc3 f5 36.Ke1 e4
37.fxe4 Ke5 38.exf5 Kd4 39.a7 Kxc3 40.a8=Q Bb4 41.Qa1+  1-0

[Event "TCh-GRE"]
[Site "Aghia Pelagia GRE"]
[Date "2004.07.06"]
[Round "3"]
[White "Moutousis,K"]
[Black "Macieja,B"]
[Result "0-1"]
[WhiteElo "2448"]
[BlackElo "2633"]

1.e4 c5 2.Nf3 d6 3.Bb5+ Bd7 4.c4 Bxb5 5.cxb5 Nf6 6.Nc3 Nbd7 7.O-O g6 8.d4 cxd4
9.Nxd4 Bg7 10.Qe2 O-O 11.Rd1 Rc8 12.Kh1 Qc7 13.Bg5 h6 14.Bh4 e6 15.f3 d5
16.exd5 exd5 17.Bg3 Qc4 18.Qd2 Nb6 19.Rac1 Qb4 20.b3 Rfe8 21.Bf2 Re7 22.Nce2 Rxc1
23.Qxc1 Kh7 24.Qd2 Qxd2 25.Rxd2 Rc7 26.g4 Bf8 27.a4 Nbd7 28.Kg2 Kg8 29.Ra2 Bd6
30.a5 a6 31.b6 Rc8 32.Rc2 Rxc2 33.Nxc2 Kf8 34.h3 Nc5 35.Bxc5 Bxc5 36.b4 Bd6
37.Kf2 Ke7 38.Ke3 Kd7 39.Ned4 Ng8 40.Nb3 Ne7 41.Nc5+ Bxc5+ 42.bxc5 Nc6 43.Kf4 f6
44.h4 Nxa5 45.h5 gxh5 46.gxh5 Nb3 47.Kf5 d4 48.Kg6 d3 49.Ne3 Nxc5 50.Kxh6 Ne6
51.Kh7 d2 52.Kg8 Ke8 53.h6 Nf8 54.Kg7 a5 55.Kxf6 a4  0-1

[Event "32nd World Open"]
[Site "Philadelphia USA"]
[Date "2004.07.06"]
[Round "9"]
[White "Benjamin,Joe"]
[Black "Vigorito,D"]
[Result "1-0"]
[WhiteElo "2566"]
[BlackElo "2360"]

1.e4 c5 2.Nf3 d6 3.Bb5+ Nc6 4.O-O Bd7 5.Re1 a6 6.Bxc6 Bxc6 7.d4 cxd4 8.Qxd4 Nf6
9.Nc3 e6 10.Nd5 Be7 11.Nxe7 Qxe7 12.e5 dxe5 13.Nxe5 h6 14.Nxc6 bxc6 15.Qc3 Qb7
16.Be3 O-O 17.Bxh6 gxh6 18.Qxf6 Kh7 19.Re3 Rg8 20.Rf3 Raf8 21.Rd1 c5 22.Rg3 Qe4
23.Qc3 Rxg3 24.hxg3 Qg4 25.Rd3 Rc8 26.Rd6 c4 27.Qf6 Rc7 28.c3 Rb7 29.Rd2 Qg5
30.Qxg5 hxg5 31.g4 Kg6 32.Kf1 Rb5 33.Ke2 Ra5 34.b3 cxb3 35.axb3 Rb5 36.Rb2 Kf6
37.Kd3 Ke5 38.c4 Rb6 39.Re2+ Kd6 40.Kc3 Rc6 41.b4 f6 42.c5+ Kd5 43.Rd2+ Ke5
44.Kc4  1-0

[Event "TCh-GRE"]
[Site "Aghia Pelagia GRE"]
[Date "2004.07.07"]
[Round "5"]
[White "Ziogas,P"]
[Black "Ragger,M"]
[Result "0-1"]
[WhiteElo "2124"]
[BlackElo "2431"]

1.e4 c5 2.Nf3 d6 3.Bb5+ Nc6 4.O-O Bg4 5.d3 Nf6 6.Nbd2 g6 7.Re1 Bg7 8.h3 Bd7
9.Bxc6 Bxc6 10.e5 dxe5 11.Nxe5 Bd5 12.Ndf3 O-O 13.Qe2 b6 14.Bf4 e6 15.a4 Nd7
16.Rab1 Re8 17.b3 Qe7 18.Nxd7 Qxd7 19.Ne5 Qb7 20.f3 Rad8 21.Rbd1 f6 22.Nc4 e5
23.Bg3 a6 24.Ne3 Bc6 25.Nc4 Bd5 26.Ne3 Bf7 27.Ng4 b5 28.axb5 axb5 29.Qe3 Kh8
30.Qxc5 Rc8 31.Qf2 Qc7 32.Ne3 f5 33.f4 e4 34.d4 Red8 35.d5 Qc5 36.c4 bxc4
37.bxc4 Bd4 38.Qd2 Bxe3+ 39.Rxe3 Qxc4 40.d6 Rd7 41.Bh4 Qa4 42.Qd4+ Qxd4 43.Rxd4 Kg7
44.Be7 Be6 45.Kf2 Kf7 46.Rd2 Rb7 47.Ree2 Bd7 48.Rb2 Rxb2 49.Rxb2 Ke6 50.Rd2 Rb8
51.Ra2 Rb5 52.Ke2 Rb3 53.Rd2 Bb5+ 54.Ke1 e3 55.Rd1 Rb2 56.d7 Re2+ 57.Kf1 Rd2+
58.Ke1 Rxd1+ 59.Kxd1 Kxe7  0-1

[Event "ch-NED"]
[Site "Leeuwarden NED"]
[Date "2004.07.07"]
[Round "7"]
[White "Visser,Y"]
[Black "Tiviakov,S"]
[Result "0-1"]
[WhiteElo "2445"]
[BlackElo "2593"]

1.e4 c5 2.Nf3 d6 3.Bb5+ Nc6 4.O-O Bd7 5.Re1 Nf6 6.h3 g6 7.c3 Ne5 8.Bxd7+ Nfxd7
9.d4 Nxf3+ 10.Qxf3 Bg7 11.Be3 O-O 12.dxc5 dxc5 13.Qe2 Qc7 14.Nd2 Rfc8 15.f4 c4
16.e5 Nb6 17.Bd4 Nd5 18.Qe4 e6 19.Nf3 b5 20.g4 Qc6 21.h4 a5 22.h5 Ne7 23.Kf2 gxh5
24.Qxc6 Rxc6 25.g5 b4 26.Rad1 bxc3 27.bxc3 Nf5 28.Rb1 Bf8 29.Rb7 Rd8 30.Rd1 a4
31.Ke2 h4 32.Rdb1 h3 33.Rb8 Rxb8 34.Rxb8 Nxd4+ 35.Nxd4 h2 36.Rb1 Rb6 37.Rh1 Rb2+
38.Kf3 Rxa2 39.Kg3 a3 40.Nf3 Rc2 41.Nxh2 Rxc3+ 42.Kg2 a2 43.Ng4 Ra3  0-1

[Event "3rd Open"]
[Site "La Fere FRA"]
[Date "2004.07.08"]
[Round "8"]
[White "Sarakauskas,G"]
[Black "Sebe Vodislav,R"]
[Result "1-0"]
[WhiteElo "2442"]
[BlackElo "2346"]

1.e4 c5 2.Nf3 d6 3.Bb5+ Nd7 4.d4 Nf6 5.O-O cxd4 6.Qxd4 e5 7.Qd3 Be7 8.Bg5 O-O
9.Bxd7 Nxd7 10.Bxe7 Qxe7 11.Nc3 Nc5 12.Nd5 Qd8 13.Qe3 f5 14.Nxe5 f4 15.Qa3 Nxe4
16.Nf3 Be6 17.Rad1 Bxd5 18.Rxd5 Qb6 19.Qd3 Rae8 20.Rb5 Qc6 21.Nd4 Qc8 22.f3 Nf6
23.Nf5 Qc6 24.Nd4 Qc8 25.Qb3+ Rf7 26.Rf5 Re5 27.Rxf4 d5 28.Qd3 g6 29.Nb3 Kg7
30.Ra4 a6 31.Nd4 Rfe7 32.Ra3 Qe8 33.Rb3 h5 34.h4 b5 35.Rc3 Re3 36.Qd2 Rxc3
37.Qxc3 Re3 38.Qc7+ Re7 39.Qf4 Re1 40.Qd2 Re7 41.a3 Re5 42.Rd1 Ng8 43.Kf1 Nf6
44.Re1 Kf7 45.Kf2 Qe7 46.Rxe5 Qxe5 47.Qe3 Qd6 48.Nb3 Ng8 49.Qc5 Qd8 50.Qa7+ Ne7
51.g3 Qd6 52.Nc5 Qe5 53.Nd3 Qd6 54.Nf4 Qe5 55.c3 Qf5 56.Qe3 Nc6 57.Qd3 Qxd3
58.Nxd3 d4 59.cxd4 Nxd4 60.g4 Ne6 61.Ke3 Kf6 62.Ke4 g5 63.hxg5+ Nxg5+ 64.Ke3 h4
65.f4 Ne6 66.Kf3 Nd4+ 67.Kg2 a5 68.Kh3 Nf3 69.Ne5 Nd2 70.Kxh4 b4 71.axb4 axb4
72.Kh5 Ne4 73.Kh6 Nc5 74.g5+ Kf5 75.g6 Ne6 76.g7 Nxg7 77.Kxg7 Kxf4 78.Nd3+ Ke4
79.Nxb4 Kd4 80.Nc2+  1-0

[Event "Skanska Cup"]
[Site "Olomouc CZE"]
[Date "2004.07.08"]
[Round "7"]
[White "Biolek,R2"]
[Black "Lagowski,P"]
[Result "1-0"]
[WhiteElo "2451"]
[BlackElo "2415"]

1.e4 c5 2.Nf3 d6 3.Bb5+ Nc6 4.O-O Bd7 5.Re1 a6 6.Bf1 Bg4 7.h3 Bh5 8.c3 Bxf3
9.Qxf3 g6 10.d3 Bg7 11.Nd2 b5 12.Qd1 Nf6 13.Nf3 Ne5 14.d4 Nxf3+ 15.Qxf3 cxd4
16.cxd4 Nd7 17.Be3 O-O 18.a4 bxa4 19.Rxa4 Qb6 20.Qe2 Rfb8 21.Rc1 Nf8 22.Rc2 a5
23.Qc4 Qb7 24.Bd3 Rc8 25.Qa2 Rxc2 26.Bxc2 Ne6 27.Bb3 Qb5 28.Bxe6 fxe6 29.b4 Kf7
30.Rxa5 Rxa5 31.bxa5 Qa6 32.Qa4 h5 33.h4 Bf6 34.g3 Kg7 35.Qb4 Qd3 36.Qb7 Qd1+
37.Kg2 Bxh4 38.a6 Bf6 39.a7 h4 40.a8=Q h3+ 41.Kh2 Qf3 42.e5  1-0

[Event "TCh-GRE"]
[Site "Aghia Pelagia GRE"]
[Date "2004.07.09"]
[Round "7"]
[White "Tzoumbas,A"]
[Black "Marjanovic,Slavo"]
[Result "0-1"]
[WhiteElo "2339"]
[BlackElo "2470"]

1.e4 c5 2.Nf3 d6 3.Bb5+ Bd7 4.Bxd7+ Qxd7 5.O-O Nc6 6.c4 Nf6 7.Nc3 g6 8.d3 Bg7
9.Rb1 O-O 10.a3 Ne8 11.Bd2 Nc7 12.b4 Ne6 13.Qa4 f5 14.Ne1 f4 15.b5 Ne5 16.f3 Nd4
17.Qd1 g5 18.Ne2 h5 19.Nxd4 cxd4 20.Bc1 Rf7 21.Rb2 Raf8 22.Rbf2 Ng6 23.g4 hxg4
24.fxg4 Bf6 25.Nf3 Rh7 26.Rg2 Kf7 27.Bd2 Rfh8 28.Be1 Rh3 29.Bf2 Ke8 30.a4 Ne5
31.Be1 Nxg4 32.Bd2 Ne3 33.Bxe3 dxe3 34.Ne1 e5 35.Qg4 Qxg4 36.Rxg4 Rxh2 37.Nf3 Ra2
38.Rc1 b6 39.Rb1 Rxa4 40.Ne1 Ra2 41.Rg2 Rxg2+ 42.Kxg2 g4 43.Nc2 Rh3 44.Kg1 Bh4  0-1

[Event "Valoz Cup"]
[Site "Olomouc CZE"]
[Date "2004.07.09"]
[Round "8"]
[White "Lasinskas,P"]
[Black "Priborsky,I"]
[Result "1-0"]
[WhiteElo "2234"]
[BlackElo "2205"]

1.e4 c5 2.Nf3 d6 3.Bb5+ Bd7 4.Bxd7+ Qxd7 5.O-O Nc6 6.c3 Nf6 7.Re1 e6 8.Na3 Be7
9.Nc2 O-O 10.d4 cxd4 11.Ncxd4 Rfd8 12.Qe2 Rac8 13.Bd2 d5 14.e5 Ne4 15.Rad1 Na5
16.Bc1 Qa4 17.a3 Qc4 18.Qe3 a6 19.h4 Qc7 20.Qf4 Nc6 21.Nxc6 bxc6 22.Ng5 Nxg5
23.hxg5 c5 24.Rd3 d4 25.Rh3 dxc3 26.bxc3 Rd5 27.Qh2 h6 28.gxh6 g6 29.h7+ Kh8
30.Bh6 Qd8 31.Qf4 Qe8 32.Bg7+ Kxg7 33.h8=Q+ Qxh8 34.Rxh8 Rxh8 35.g3 Rh5 36.Kg2 Rf5
37.Qc4 Rfxe5 38.Rxe5 Rxe5 39.Qxa6 Re1 40.a4 Bf6 41.Qc4 Rc1 42.a5 Rxc3 43.Qxc3 Bxc3
44.a6 c4 45.a7 Bd4 46.a8=Q c3 47.Qe4 Bf6 48.f4 g5 49.f5 exf5 50.Qxf5  1-0

[Event "22nd Open"]
[Site "Andorra la Vella AND"]
[Date "2004.07.10"]
[Round "8"]
[White "Maze,S"]
[Black "Bruned,Y"]
[Result "1/2-1/2"]
[WhiteElo "2497"]
[BlackElo "2251"]

1.e4 c5 2.Nf3 d6 3.Bb5+ Bd7 4.Bxd7+ Qxd7 5.O-O Nc6 6.c3 Nf6 7.d4 Nxe4 8.d5 Ne5
9.Re1 Nxf3+ 10.Qxf3 Nf6 11.Na3 e6 12.dxe6 fxe6 13.Bg5 Be7 14.Rad1 h6 15.Bxf6 O-O
16.Qe3 Rxf6 17.Qxc5 d5 18.Qb5 Qc7 19.Nc2 Bd6 20.g3 Bc5 21.Nd4 e5 22.b4 exd4
23.Qxc5 Qxc5 24.bxc5 dxc3 25.Rxd5 Raf8 26.f4 Rf5 27.Rd7 c2 28.Kf2 R8f7 29.c6 bxc6
30.Rd2 g5 31.Rxc2 gxf4 32.g4 Rg5 33.Kf3 h5 34.Rg1 hxg4+ 35.Rxg4 Rxg4 36.Kxg4 Rf6
37.Rf2 c5 38.Rxf4 Rb6 39.Rf2 Kg7 40.h4 Kg6 41.h5+ Kh6 42.Kf5 c4 43.Rc2 Rb4
44.Ke4 Kxh5 45.Kd4 Ra4 46.Rg2 Kh4 47.Kc3 Kh3 48.Re2  1/2-1/2

[Event "19th North Sea Cup"]
[Site "Esbjerg DEN"]
[Date "2004.07.10"]
[Round "9"]
[White "Flindt,T"]
[Black "Larsen,Pet"]
[Result "1/2-1/2"]
[WhiteElo "2117"]
[BlackElo "2221"]

1.e4 c5 2.Nf3 d6 3.Bb5+ Bd7 4.Bxd7+ Qxd7 5.O-O Nf6 6.Re1 Nc6 7.d4 cxd4 8.Nxd4 g6
9.f3 Bg7 10.Be3 d5 11.Nxc6 Qxc6 12.exd5 Nxd5 13.Bd4 Bxd4+ 14.Qxd4 O-O 15.Na3 e6
16.Rad1 Rfc8 17.c3 Rc7 18.Nc2 Qa6 19.Ne3 Nxe3 20.Rxe3 Rc4 21.Qd2 Qxa2 22.Rd3 Qa6
23.Rd8+ Rxd8 24.Qxd8+ Kg7 25.b3 Rf4 26.Qb8 Qe2 27.Qd6 Rf5 28.Qd4+ e5 29.Qd3 Qxd3
30.Rxd3 Rf6 31.Rd7 Rb6 32.b4 Kf6 33.Kf2 Ke6 34.Rc7 h5 35.Ke2 a6 36.g3 Rc6
37.Rxb7 Rxc3 38.Rb6+ Kd5 39.Rxa6 Rc2+ 40.Ke3 Rxh2 41.Rf6 Rg2 42.b5 Rxg3 43.b6 Rg1
44.Rxf7 Ke6 45.Rf8 Re1+ 46.Kd3 Rb1 47.Rb8 Kf6 48.b7 Kg7 49.Ke4 h4 50.Ra8 Rxb7
51.Kxe5 Kh6 52.f4 Rb5+ 53.Ke4 Kh5 54.Ra1 Rb4+ 55.Kf3 Rb3+ 56.Ke4 Kg4 57.Ra6 Rb4+
58.Ke3 Rb3+ 59.Ke4 Kh5 60.Ra5+ Kh6 61.Rg5 h3 62.Rg4 Kg7 63.Rh4 Ra3 64.Rg4 Ra1
65.Rh4 Rh1 66.Kf3 Kf6 67.Rh8 Kf7 68.Rh7+ Ke6 69.Rh8 Kf6 70.Rh7 Rf1+ 71.Kg3 Kf5
72.Rf7+ Ke4 73.Re7+  1/2-1/2

[Event "54th ch-RUS w"]
[Site "Kazan RUS"]
[Date "2004.07.10"]
[Round "11"]
[White "Slavina,I"]
[Black "Shadrina,T"]
[Result "1-0"]
[WhiteElo "2395"]
[BlackElo "2380"]

1.e4 c5 2.Nf3 d6 3.Bb5+ Bd7 4.Bxd7+ Qxd7 5.c4 Nf6 6.Nc3 e6 7.O-O Nc6 8.d4 cxd4
9.Nxd4 Be7 10.Be3 O-O 11.Qe2 Rac8 12.Rad1 Nxd4 13.Bxd4 Qc6 14.b3 Rfe8 15.Bxf6 gxf6
16.Qg4+ Kh8 17.Qh5 Rg8 18.Qxf7 Qd7 19.Qh5 a6 20.Rd3 Rg5 21.Qe2 b5 22.cxb5 axb5
23.b4 Rc4 24.a3 Qc6 25.f4 Rg7 26.Rff3 Bd8 27.Qd2 Bc7 28.f5 e5 29.Kh1 Rxe4
30.Nxe4 Qxe4 31.h3 Rd7 32.Qh6 Rf7 33.Rc3 Qb7 34.Rg3 Qc8 35.a4 d5 36.Rc6 Qd8
37.Rg6 Bd6 38.axb5 d4 39.Rg4 Bxb4 40.Qh5 Rd7 41.Rxf6 d3 42.Rf7 Rxf7 43.Qxf7 Qf8
44.Qd7 d2 45.Rg3 Qe7 46.Qc8+ Qf8 47.Qxf8+ Bxf8 48.Rd3 Bh6 49.Kg1 Kg7 50.Kf1 e4
51.Rd7+ Kf6 52.Ke2 Kxf5 53.Rxh7 Be3 54.Rd7 Ke6 55.Rxd2  1-0

[Event "Canadian Open"]
[Site "Kapuskasing CAN"]
[Date "2004.07.11"]
[Round "3"]
[White "Zatonskih,A"]
[Black "Huzman,A"]
[Result "0-1"]
[WhiteElo "2445"]
[BlackElo "2588"]

1.e4 c5 2.Nf3 d6 3.Bb5+ Bd7 4.Bxd7+ Qxd7 5.O-O Nc6 6.c3 d5 7.d3 e6 8.Bf4 Nge7
9.Bg3 Ng6 10.e5 h5 11.h3 h4 12.Bh2 f5 13.exf6 gxf6 14.d4 O-O-O 15.c4 cxd4
16.Nxd4 dxc4 17.Nxc6 Qxc6 18.Qc2 Rg8 19.f4 Ne7 20.Nc3 Nf5 21.Rfe1 Nd4 22.Qe4 Nf3+
23.Kh1 Nxe1  0-1

[Event "XIII Open"]
[Site "Castellar del Valles ESP"]
[Date "2004.07.14"]
[Round "1"]
[White "Alonso Moyano,J"]
[Black "Pablo Marin,A"]
[Result "1/2-1/2"]
[WhiteElo "2269"]
[BlackElo "2404"]

1.e4 c5 2.Nf3 d6 3.Bb5+ Bd7 4.Bxd7+ Qxd7 5.c4 Nc6 6.Nc3 g6 7.d4 cxd4 8.Nxd4 Bg7
9.Nde2 Nf6 10.O-O O-O 11.f3 a6 12.a4 Qc7 13.Kh1 Nb4 14.b3 Rfe8 15.Bg5 Nd7
16.Rb1 Nc5 17.Qd2 Rac8 18.Nc1 b6 19.Bh6 Bh8 20.Be3 Qb7 21.Bd4 Bxd4 22.Qxd4 Nc6
23.Qe3 e6 24.Rd1 Qe7 25.Rb2 Red8 26.f4 Na5 27.g4 Ncxb3 28.Rxb3 Nxb3 29.Nxb3 Rxc4
30.Nd2 Rc6 31.Nf3 Rdc8 32.Rd3 Qc7 33.Ne2 Rc2 34.f5 Qc5 35.Nfd4 Rc4 36.Qh6 Qe5
37.Nf3 Qa1+ 38.Neg1 Qg7 39.Qe3 Re8 40.Rxd6 exf5 41.gxf5 Rcxe4 42.Qxb6 Qa1
43.a5 Re3 44.Kg2 Qa4 45.fxg6 hxg6 46.Qxa6 Qg4+ 47.Kf2 Ra3 48.Rd2 Ree3 49.Qf6 Re8
50.Qc6 Qa4 51.Qf6 Ra2 52.Qc3 Qxa5 53.Qd4 Rxd2+ 54.Qxd2 Qc5+ 55.Kg2 Qc4 56.Kg3 Re4
57.h3 Kg7  1/2-1/2

[Event "Glassy Stream Open"]
[Site "Kharkov UKR"]
[Date "2004.07.14"]
[Round "6"]
[White "Ivanov,AndA"]
[Black "Ianovsky,A"]
[Result "1/2-1/2"]
[WhiteElo "2333"]
[BlackElo "2248"]

1.e4 c5 2.Nf3 d6 3.Bb5+ Bd7 4.Bxd7+ Qxd7 5.O-O Nf6 6.Re1 Nc6 7.c3 e6 8.d4 cxd4
9.cxd4 d5 10.e5 Ne4 11.Re2 h6 12.Ne1 Rc8 13.Be3 Be7 14.f3 Ng5 15.Nd3 b6 16.Nc3 f6
17.Bf2 O-O 18.Qa4 Qe8 19.Rd1 Qg6 20.Bg3 fxe5 21.dxe5 Bc5+ 22.Nxc5 bxc5 23.Nb5 Rb8
24.Rf2 Rb6 25.Nd6 Nf7 26.Nxf7 Rxf7 27.b3 Qf5 28.Rc1 Nxe5 29.Rxc5 Kh7 30.Re2 Nd3
31.Ra5 Qg5 32.Kf1 Rc7 33.Rxa7 Rc1+ 34.Be1 Rxe1+ 35.Rxe1 Qd2 36.Rxg7+ Kxg7
37.Qd7+ Kf6 38.Qd8+ Kf7 39.Qd7+ Kf6 40.Qd8+ Kf7 41.Qd7+  1/2-1/2

[Event "ch-SWE"]
[Site "Gothenburg SWE"]
[Date "2004.07.15"]
[Round "6"]
[White "Brynell,S"]
[Black "Akesson,R"]
[Result "1/2-1/2"]
[WhiteElo "2459"]
[BlackElo "2485"]

1.e4 c5 2.Nf3 d6 3.Bb5+ Bd7 4.Bxd7+ Qxd7 5.O-O Nf6 6.e5 dxe5 7.Nxe5 Qc8 8.d4 e6
9.Nc3 Nc6 10.Nxc6 Qxc6 11.dxc5 Bxc5 12.Bg5  1/2-1/2